An introduction to syntax / (Record no. 6252)
[ view plain ]
| 000 -LEADER | |
|---|---|
| fixed length control field | 00848cam a22001934a 4500 |
| 020 ## - INTERNATIONAL STANDARD BOOK NUMBER | |
| ISBN | 0521631998 |
| 020 ## - INTERNATIONAL STANDARD BOOK NUMBER | |
| ISBN | 0521635667 |
| 022 ## - INTERNATIONAL STANDARD SERIAL NUMBER | |
| ISSN | 9780521635660 |
| 050 00 - CALL NUMBER | |
| Classification number | P291 |
| Item number | .V31 |
| 100 1# - AUTHOR | |
| Personal name | Van Valin, Robert D. |
| 245 13 - TITLE | |
| Title | An introduction to syntax / |
| Statement of responsibility, etc | Robert D. Van Valin, Jr. |
| 260 ## - PUBLICATION INFORMATION | |
| Place of publication | Cambridge, UK ; |
| -- | New York : |
| Name of publisher | Cambridge University Press, |
| Year of publication | 2001. |
| 300 ## - DESCRIPTION | |
| Number of Pages | xvi, 239 p. : |
| Other physical details | ill. ; |
| Dimensions | 26 cm. |
| 500 ## - NOTES | |
| General note | Includes Index |
| 505 ## - FORMATTED CONTENTS NOTE | |
| Table of Content | CHAPTER 1 Syntax, lexical categories, and morphology; CHAPTER 2 Grammatical relations; CHAPTER 3 Dependency relations; CHAPTER 4 Constituent structure; CHAPTER 5 Grammar and lexicon; CHAPTER 6 Theories of syntax; References; Language index; Subject index. |
| 650 #0 - SUBJECTS | |
| Topical Term | Grammar, Comparative and general |
| General subdivision | Syntax. |
| 650 #0 - SUBJECTS | |
| Topical Term | LANGUAGE ARTS & DISCIPLINES -- Grammar & Punctuation. |
| 942 ## - ADDED ENTRY ELEMENTS (KOHA) | |
| Koha item type | Books |
| Withdrawn status | Lost status | Collection code | Home library | Current library | Shelving location | Date acquired | Full call number | Accession Number | Koha item type |
|---|---|---|---|---|---|---|---|---|---|
| Reference | Methodist University Library Main | Methodist University Library Main | General Stacks | 17/02/2013 | P291 .V31 | 38404 | Books |